[Event "Millennium CG Exclusive - Tasc R30 V2.5"]
[Site "Wien"]
[Date "????.??.??"]
[Round "43"]
[White "Millennium CG Exclusive"]
[Black "Tasc R30 V2.5, aktiv"]
[Result "1/2-1/2"]
[WhiteElo "2402"]
[BlackElo "2335"]
[PlyCount "130"]
[EventDate "2021.??.??"]

1. e4 c5 2. Nc3 Nc6 3. Nf3 g6 4. d4 cxd4 5. Nxd4 Bg7 6. Be3 Nf6 7. Nxc6 bxc6 8.
e5 Ng8 9. Bd4 Qa5 {Buchende Tasc} 10. Bc4 Bxe5 {Obwohl der Tasc einen
Mehrbauern nach dem Buch hat ist er nicht damit zufrieden, erste Bewertung -0,
54} 11. O-O {Buchende Genius} f6 12. Re1 {[%eval 0,0] Der Genius ist wegen dem
Minusbauern auch nicht ganz zufrieden mit seinem -0,28} d5 {genau den selben
groben Fehler hat der Tasc bei der selben Eröffnung auch im ELO-Aktiv Match
gemacht, das verliert eigentlich sofort, aber der Genius spielt es nicht so
gut wie im Aktiv Modus !!!} 13. Bxe5 fxe5 14. Rxe5 {In diesem Fall spielt der
Genius auf Turnierebene schlechter als auf ELO-Aktiv, denn dort gab es exakt
die gleiche Stellung bis hierher, im Elo-Aktiv Modus spielte er hier 14.Sxd5
!! (was übrigens auch Fruit 2.1. bestätigt, das gewinnt eigentlich fast
sofort, hier lässt der Genius die Siegchance aus, trotz viel mehr Bedenkzeit,
schon eigenartig, dass er den richtigen Zug hier wieder verwirft. Bewertung
Genius +0,48} Nf6 15. Bb3 {Der Genius lässt die Chance hier liegen, an dieser
Stelle ist der ganze Vorteil dahin.} Rb8 {Tasc -0,61 (lt. Analyse von Fruit 2.
1. hätte Schwarz hier mit 15. e6 kompletten Ausgleich erlangt mit nur -0,01,
diesen Zug bewertet Fruit mit 0,60 Bauerneinheiten schlechter also +0,63 für
Weiss} 16. Qd4 {Genius +0,71} Qb6 {Tasc -0,53} 17. Qxb6 axb6 {Tasc -0,40} 18.
Rae1 {Genius glaubt noch immer an einen Vorteil +0,81} Rb7 {Tasc -0,37, jetzt
weiss ich auch warum sich der Genius im Vorteil sah, glaubte nicht richtig zu
sehen, aber er erwartet diesen selbstverständlichen Zug NICHT, sondern
rechnete ernsthaft mit 18. Kd8 ??, nebst Txe7 na dann wäre er ja tatsächlich
im Vorteil.} 19. f3 {Der Genius bewertet Tb7 tatsächlich schlechter als Kd8,
denn er steigt hier noch, zwar nur geringfügig aber doch auf +0,84} Rc7 20.
Na4 {Genius +0,93} Rb7 21. c4 {Genius +1,25} dxc4 22. Bxc4 Kd8 {Tasc -1,02} 23.
Be6 Re8 24. Rd1+ Kc7 25. Bxc8 Kxc8 26. Re6 Kc7 27. Rc1 c5 28. Rd1 Nh5 29. b4
Ng7 30. Re4 Kc6 31. bxc5 b5 32. Nc3 Kxc5 33. a4 bxa4 34. Nxa4+ Kc6 35. Rc4+ Kb5
36. Rh4 Nf5 37. Nc3+ Kc5 38. Ne4+ Kc6 39. Rc1+ Kd5 40. Nc3+ Ke6 41. Rxh7 Reb8
42. Re1+ Kd6 43. Ra1 Rb3 44. Rd1+ Kc6 45. Rc1 Kd7 46. h3 R8b4 47. Nd5 Rb1 48.
Nxb4 Rxc1+ 49. Kf2 Rc4 50. Nd3 Kd6 51. Ne1 Ra4 52. g4 Ra2+ 53. Kg1 Nd4 54. Kf1
g5 55. Rh6+ Kd5 56. Rh5 Ra1 57. Rxg5+ e5 58. f4 Nf3 59. Rxe5+ Nxe5 60. fxe5
Kxe5 61. Kf2 Kf4 62. Nd3+ Kg5 63. Kg2 Kh4 64. Ne5 Ra2+ 65. Kf3 Kxh3 {
Userentscheid: Remis} 1/2-1/2

[Event "Millennium CG Exclusive - Tasc R30 V2.5"]
[Site "Wien"]
[Date "????.??.??"]
[Round "34"]
[White "Tasc R30 V2.5, aktiv"]
[Black "Millennium CG Exclusive"]
[Result "0-1"]
[WhiteElo "2335"]
[BlackElo "2402"]
[PlyCount "74"]
[EventDate "2021.??.??"]

1. d4 {Buchende Tasc} d6 2. Nc3 e5 3. dxe5 dxe5 {Buchende Genius, schon
eigenartig dass auch hier das Buch den Genius endet der nächste Zug Dxd8 ist
doch absolut logisch.} 4. Qxd8+ Kxd8 5. e4 Bb4 6. Bd2 {Tasc +0,47} Bg4 {
Genius -0,39} 7. a3 {Tasc +0,78} Bc5 {Genius -0,37} 8. h3 Bh5 {Genius -0,15} 9.
g4 Bg6 10. Nf3 Nd7 11. Bd3 Ngf6 12. g5 Nh5 13. Rd1 {Tasc +0,63} Rc8 {Genius +0,
31} 14. Bc4 {Tasc +0,82 (Bewertung von Fruit 2.1. an dieser Stelle +0,40 für
Weiss)} Ke8 {Genius +0,25} 15. Nh4 Nb6 16. Nxg6 hxg6 17. Be2 Rd8 18. b4 {
Tasc +0,16} Be7 {Genius -0,25} 19. Nb5 {Tasc -0,15} c6 {Genius +0,28} 20. Nxa7
{Tasc -0,28, das scheint mir keine gute Idee vom Tasc, ob der Springer dort
nicht nochmal in ernste Schwierigkeiten kommt ?} Nf4 {Genius +0,73} 21. Bxf4 {
Tasc -0,47} exf4 22. Rxd8+ {Tasc -0,97} Kxd8 {Genius +1,10} 23. c4 {Tasc -0,91}
Kc7 {Genius +1,64} 24. h4 {Tasc -1,27} f3 {Genius +1,67} 25. Bf1 Nd7 {Genius
+2,26} 26. Bh3 {Tasc -2,48, auch das ist ein ganz schlechter Zug, der Tasc
bewertet hier wohl die Verzögerung, aber da geht auch der H-Bauer umsonst
verloren und der Springer bleibt immer noch gefangen.} Rxh4 27. Kd1 Bxg5 {
Genius +3,53} 28. Rg1 Nf6 29. Rxg5 Nxe4 30. Re5 Nxf2+ 31. Kd2 Kd6 32. Re3 Rxh3
33. Re1 Ng4 34. c5+ Kd5 35. Nc8 f2 36. Rc1 Kd4 37. Nd6 Rxa3 {Userentscheid:
0--1 (Endbewertung Tasc -8,96 / Genius +7,43)} 0-1

[Event "Millennium CG Exclusive - Tasc R30 V2.5"]
[Site "Wien"]
[Date "????.??.??"]
[Round "35"]
[White "Millennium CG Exclusive"]
[Black "Tasc R30 V2.5, aktiv"]
[Result "1-0"]
[WhiteElo "2402"]
[BlackElo "2335"]
[PlyCount "97"]
[EventDate "2021.??.??"]

1. e4 c5 2. Nc3 Nc6 {Buchende Tasc} 3. Bb5 e6 {Tasc ist nicht ganz zufrieden
mit seinem Buch, erste Bewertung -0,39} 4. Nf3 Nd4 5. O-O Nxb5 6. Nxb5 {
Buchende Genius} d5 7. exd5 {Genius ist zufrieden mit seinem Buch, erste
Bewertung +0,37, Fruit 2.1. schätzt diese Eröffnung von Schwarz ganz
schlecht ein und sieht hier Weiss bereits mit +1,02 im Vorteil} a6 {Tasc -0,42}
8. Nc3 {Genius +0,31} Nf6 {Tasc -0,58, er entschliesst sich wieder einmal zu
einem Bauernopfer} 9. dxe6 {Genius +0,68} Bxe6 {Tasc -0,69} 10. Re1 {Genius +0,
68} Bd6 {Tasc -0,65} 11. Ng5 {Diesen Zug vom Tasc findet Genius sehr schlecht
und steigt hier auf +1,37} O-O {Tasc -0,62 obwohl er sieht das ein 2. Bauer
verloren geht bleibt er hier aber noch ganz schön optimistisch, aber auch
Fruit 2.1. schätzt das nur mit -0,86 ein.} 12. Nxe6 {Genius +1,54} fxe6 13.
Rxe6 {Genius +1,57 (Tasc hatte hier mit Df3 nicht damit gerechnet, dass der
Bauer geschlagen wird), und ich denke, das war auch ein Fehler vom Genius,
Fruit 2.1. sieht hier eine klare Remisstellung mit Lxh2 !!!, Bewertung 0,00 !!}
Qd7 {Der Tasc sieht diese Möglichkeit leider nicht, -0,60} 14. Qe2 {Genius
geht hier auch wieder runter auf +1,01} Rfe8 {Tasc -0,48} 15. Re3 Ng4 {Tasc -0,
45} 16. Re4 Bxh2+ {Der Tasc bekommt einen Bauern zurück -0,47} 17. Kf1 {
Genius +0,82} Nf6 18. Qc4+ Kh8 19. Rxe8+ Rxe8 20. d3 Bd6 21. Bg5 b5 22. Qh4 Be5
23. Bxf6 gxf6 {ein merkwürdiger Zug vom Tasc, viel besser wäre hier doch
Lxf6 ! was Fruit 2.1. nur mit -0,40 für Schwarz bewertet, diesen Zug hingegen
mit -1,15.} 24. Re1 Qc6 25. Qe4 Qxe4 26. Nxe4 Rc8 27. c3 Kg7 28. Ng5 fxg5 29.
Rxe5 Kf6 30. Rd5 Rc6 31. Ke2 h6 32. Kf3 Ke7 33. Ke4 Rc8 34. g3 a5 35. f4 gxf4
36. gxf4 b4 37. Rh5 Rc6 38. Kd5 Rf6 39. Kxc5 Rxf4 40. Rxh6 Rf2 41. a3 b3 {
mit diesem Zug überbewertet der Tasc meiner Meinung nach den weit
vorgerückten Bauern auf b3, er ermöglicht damit dem Genius 2 geschlossene
Freibauern, Tasc -1,78} 42. Ra6 {Der Genius findet diesen Zug vom Tasc ganz
schlecht und steigt von +2,45 auf +3,29} Rxb2 {Tasc -1,91} 43. Kc4 {Genius +3,
42} Rd2 {Tasc -1,93} 44. Rxa5 {Genius +3,82, an dieser Stelle ist die Lage von
Schwarz natürlich bereits hoffnungslos der Bb2 ist ja nicht verwertbar
nachdem sich der Turm auf b5 dahinter klemmt.} b2 45. Rb5 Kd7 46. a4 Rh2 47. d4
Rd2 48. Kd5 Rc2 49. c4 1-0

[Event "Millennium CG Exclusive - Tasc R30 V2.5"]
[Site "Wien"]
[Date "????.??.??"]
[Round "36"]
[White "Tasc R30 V2.5, aktiv"]
[Black "Millennium CG Exclusive"]
[Result "1-0"]
[WhiteElo "2335"]
[BlackElo "2402"]
[PlyCount "109"]
[EventDate "2021.??.??"]

1. e4 e6 2. d4 c5 3. d5 exd5 4. exd5 d6 5. Nf3 Nf6 6. Be2 Be7 7. O-O O-O 8. Nc3
Na6 9. Re1 Nc7 {Buchende Genius} 10. a4 {Buchende Tasc} Re8 {Genius bewertet
sein Buch knapp negativ -0,15} 11. Bf4 {Tasc ist mit seinem Buch sehr
zufrieden, erste Bewertung +0,40} Nh5 12. Be3 Bf5 13. h3 Nf6 14. g4 Bc8 15. a5
h5 16. g5 Nh7 17. h4 Bf5 18. Ra3 f6 19. Qd2 Rf8 20. Rb3 Rb8 21. Ra1 Bg6 22. Kg2
{Tasc +0,36} Qd7 {Genius +0,25} 23. Ra4 fxg5 24. hxg5 Qf5 25. Nh4 Qxc2 26. Nxg6
Qxg6 27. Bd3 Qe8 28. f4 g6 29. Bf2 Bd8 30. Bg3 Kg7 31. Qc2 Be7 32. Kg1 Qf7 33.
Qd2 Rfd8 34. Be4 Rh8 35. Qd3 a6 {dieser Zug gefällt mir strategisch gar nicht,
er macht den Bauern b7 schwach und zerstört den eventuellen Zug b6 für
Schwarz.} 36. Bg2 {Der Tasc steigt nach diesem Zug jedenfalls um 0,4
Bauerneinheiten auf +0,64} Rhd8 {Genius +0,46} 37. Ra1 Rf8 38. Re1 Rfe8 39. Rf1
Rh8 {Der Genius zieht hier zum wiederholten Male den Turm ins Eck, ein
wirklich merkwürdiger Zug, was soll das bringen ?} 40. Be4 Rhd8 41. f5 Nxg5
42. fxg6 Qe8 43. Bf5 Bf6 44. Kg2 Qe7 45. Re1 Qf8 46. Bf4 h4 47. Qd2 Bxc3 48.
Qxc3+ Kg8 49. Bxg5 Qxf5 50. Bxd8 Rxd8 51. Qc4 Qxd5+ {ein Katastrophenzug vom
Genius, der die Partie augenblicklich verliert, lt. Analyse von Fruit 2.1.
wäre hier Td7 !! mit nur -0,78 für Schwarz gewesen und dieser Zug mit -2,72
ganze 2 Bauerneinheiten schlechter, damit ist die Partie gelaufen!} 52. Qxd5+ {
Tasc +2,28 erkennt auch den Sieg (Fruit hier bereits +2,92)} Nxd5 53. Rxb7 Nf4+
54. Kh2 Nd3 55. Ree7 {Userentscheid: 1-0} 1-0

[Event "Millennium CG Exclusive - Tasc R30 V2.5"]
[Site "Wien"]
[Date "????.??.??"]
[Round "37"]
[White "Millennium CG Exclusive"]
[Black "Tasc R30 V2.5, aktiv"]
[Result "1-0"]
[WhiteElo "2402"]
[BlackElo "2335"]
[PlyCount "66"]
[EventDate "2021.??.??"]

1. e4 d6 2. d4 Nf6 3. Nc3 g6 4. Nf3 Bg7 5. h3 O-O 6. Be3 Nc6 {Buchende Tasc} 7.
Qd2 {Buchende Genius} d5 {Der Tasc ist mit seinem Buch nicht zufrieden, erste
Bewertung -0,58} 8. e5 {Genius ist mit seinem Buch zufrieden, erste Bewertung
+0,53} Ne4 9. Nxe4 dxe4 10. Ng5 Bf5 11. g4 Be6 {Tasc -1,27, er rechnet hier
als nächsten Zug mit 12.c4, dass der Läufer genommen wird erwartet er also
nicht, ich finde das strategisch ein schlechter Zug, der die Bauernstruktur
schädigt und wahrscheinlich in weiterer Folge den Bauern e4 auch nicht retten
wird.} 12. Nxe6 {Genius +1,34} fxe6 {Tasc -1,56} 13. Bg2 {Genius +1,71} Qd5 14.
c3 Rad8 15. Qc2 Qa5 16. O-O Qb5 17. Bxe4 Na5 {Tasc -2,09} 18. b4 Nc4 19. Bg5
Rb8 20. Qd3 Qa6 {Tasc -2,93, der nächste ganz schlechte Zug vom Tasc lt.
Analyse von Fruit 2,1 wäre hier Sa3 mit -2,80 zu bewerten gewesen, hier
bewertet Fruit innerhalb von Sekunden mit -4,11} 21. a4 {Genius +3,23} b5 22.
axb5 Qxb5 23. Rxa7 Qb6 24. Ra2 Qb5 25. Qe2 Nxe5 26. dxe5 Qxe5 27. Bd2 Qd6 28.
Qc4 Rf7 29. Be3 Qd7 30. Bc6 Qd6 31. f4 Rd8 32. Rd2 Qxd2 33. Bxd2 Rxd2 {
Userentscheid 1-0} 1-0

[Event "Millennium CG Exclusive - Tasc R30 V2.5"]
[Site "Wien"]
[Date "????.??.??"]
[Round "38"]
[White "Tasc R30 V2.5, aktiv"]
[Black "Millennium CG Exclusive"]
[Result "1/2-1/2"]
[WhiteElo "2335"]
[BlackElo "2402"]
[PlyCount "148"]
[EventDate "2021.??.??"]

1. d4 d5 2. Nf3 e6 3. c4 dxc4 4. e4 {Buchende Tasc} b5 5. a4 {Tasc ist mit
seinem Buch zufrieden, erste Bewertung +0,14} c6 6. axb5 cxb5 7. b3 Bb7 8. bxc4
Bxe4 9. cxb5 Nf6 {Buchende Genius} 10. Bd2 Bd6 {Genius sieht sein Buch sehr
ausgeglichen, erste Bewertung +0,01} 11. Nc3 Bb7 12. Bd3 Nbd7 13. O-O O-O 14.
Qe2 Qb6 15. Ra4 Qc7 16. Rc1 Qb8 17. Rca1 Bxf3 18. Qxf3 Bxh2+ {Dieser
Bauerngewinn lässt den Genius aber nicht überschwenglich werden, die
aktivere Stellung von Weiss hebt das für ihn auf, Bewertung nur +0,03} 19. Kf1
{Tasc +0,09} Bc7 20. Ra6 Bb6 21. Bf4 Qd8 22. Ne2 {Dieser Zug ist etwas
besonderes, denn es ist tatsächlicher der allererste Zug in dieser Partie,
mit dem der Tasc den Genius überrascht, dieser hatte mit 9 Buchzügen
gegenüber 4 des Tasc schon einen grossen Vorteil, und hat bis hierher die
Bedenkzeit des Gegners optimal genützt indem er jeden einzelnen Zug richtig
vorausgesehen hat, der Genius hat an dieser Stelle erst 17 Minuten !
verbraucht, der Tasc bereits 51 Minuten.} Rc8 23. Qg3 Nb8 24. R6a4 Re8 25. Bh6
Nh5 26. Qg4 g6 27. Bg5 Qd5 28. Rb1 Nd7 29. Be4 Qd6 30. Bc6 Kg7 31. Qh3 h6 32.
Bd2 Rh8 33. Bb4 Qc7 34. Qa3 {Tasc +1,09} a5 {Der Genius gibt hier den
Mehrbauern zurück.} 35. Bxa5 {Tasc +1,12} Nhf6 {Genius -0,50} 36. Rc1 {
Tasc +0,88} Qh2 37. Ng3 Nh5 38. Nxh5+ Qxh5 39. Kg1 Rhd8 40. Qe3 Bxa5 41. Rxa5
Nf6 42. Ra7 Qg4 43. f4 {Tasc +0,83} Nd5 {Genius +0,65} 44. Qe5+ {Tasc +0,16}
Kg8 {Genius +1,06} 45. Rf1 {Tasc +0,16} f6 46. Qe4 Nc3 47. Qe3 Ne2+ 48. Kf2 {
Tasc -0,48} Nxd4 {Genius +1,31} 49. Rc1 {Tasc -0,74} Qh4+ {Genius +1,53} 50. g3
{Tasc -0,73} Qh2+ {Genius +1,87} 51. Bg2 {Tasc -0,51} Rxc1 {Genius nur noch +0,
68, er erkennt hier, dass seine ursprüngliche Variante nicht realistisch ist,
er wollte hier nach Dxc1, Dxg3+, Kxg3, Se2+, Kf3, Sxc1 spielen, aber dann
wäre der B-Bauer auf und davon gegangen} 52. Qxc1 {Tasc -0,66, er erwartet
hier exakt die zuvor angesprochene Variante vom Genius, dieser verwirft sie
aber und spielt anders.} Nf5 {Genius +0,54} 53. Ra3 {Tasc -0,09} h5 {Genius 0,
00} 54. b6 {Tasc 0,00} h4 {Genius -0,45} 55. b7 {Tasc -0,19} Nxg3 {Sxg3 ??
Genius 0,00, lt. Analyse von Fruit 2.1. (obwohl keine tolle Engine lt. Kurt,
da hat er wohl auch recht), hätte hier hxg3 mit +2,00 die Partie gewonnen,
der Genius lässt also hier eine Riesenchance aus.} 56. Qe3 {Tasc +0,58} Nh1+ {
Genius -0,70, zu spät erkennt hier der Genius, das auch das Remis verloren
geht, an das er im vorigen Zug noch geglaubt hatte.} 57. Ke1 {Tasc +0,64} Kh7 {
Genius stürzt ab auf -1,60 !!} 58. Ra2 {Tasc +1,28} Rb8 {Der Genius glaubt
wieder an eine Remischance, Bewertung 0,00} 59. Ra8 {[%emt 0:00:01] Tasc +0,66
fällt auch wieder deutlich unter} Qxg2 60. Rxb8 {Tasc +0,76} Qb2 {Genius 0,00}
61. Qxe6 {Tasc 0,00 (hier hätte Fruit 2.1. Qc5 !! mit +1,51 bewertet, also
hat jetzt wahrscheinlich auch der Tasc eine Gewinnchance liegen gelassen.} Qc1+
62. Ke2 Ng3+ {Genius -0,31} 63. Kd3 Qa3+ 64. Kc2 {Tasc +0,21} Qc5+ {Genius 0,00
} 65. Kb2 Qb4+ 66. Qb3 Qd2+ 67. Ka1 Qc1+ 68. Ka2 Qd2+ 69. Qb2 Qa5+ 70. Qa3 Qd5+
71. Qb3 Qd2+ 72. Kb1 Qe1+ 73. Kc2 Qf2+ 74. Kd1 Qd4+ {Userentscheid: Remis}
1/2-1/2

[Event "Millennium CG Exclusive - Tasc R30 V2.5"]
[Site "Wien"]
[Date "2021.04.20"]
[Round "39"]
[White "Millennium CG Exclusive"]
[Black "Tasc R30 V2.5, aktiv"]
[Result "1/2-1/2"]
[WhiteElo "2402"]
[BlackElo "2335"]
[PlyCount "143"]
[EventDate "2021.??.??"]

1. Nf3 d5 2. d4 Nc6 {Buchende Tasc} 3. Bf4 e6 4. e3 {Buchende Genius} Nf6 5.
Bb5 Bd6 6. Ne5 O-O 7. O-O Bxe5 8. dxe5 Nd7 9. Bxc6 bxc6 10. Qg4 f5 11. Qg3 Ba6
12. Rd1 Qe7 13. b3 Rab8 14. f3 Qc5 15. Rd2 Rf7 16. Kh1 Nf8 17. Bg5 Ng6 18. h4
Qb5 19. Nc3 Qa5 20. Nb1 c5 21. h5 Nf8 22. Rd1 Nd7 23. Rxd5 {ein sehr
interessanter Zug, der Genius bewertet das mit +0,10} h6 {Der Tasc findet
diesen Zug nicht so gut +0,87} 24. Bh4 exd5 25. e6 Rff8 26. exd7 Bb5 27. d8=Q
Rbxd8 28. Bxd8 Rxd8 29. Qe5 Qe1+ 30. Kh2 d4 31. exd4 Qh4+ 32. Kg1 Qxd4+ 33.
Qxd4 cxd4 34. Na3 Be8 35. Re1 Bxh5 36. Re5 c6 37. Rxf5 Bf7 38. Ra5 Rd7 39. Kf2
g5 40. Ra6 Bd5 41. Nc4 Bxc4 42. bxc4 Rc7 43. Ke2 Kg7 44. Kd3 c5 45. Ke4 Re7+
46. Kd5 Re2 47. Rxa7+ Kf6 48. Ra6+ Kg7 49. g4 Rxc2 50. a4 d3 51. Kxc5 Ra2 52.
Kb4 Rf2 53. a5 Ra2 54. Rd6 d2 55. Kb5 Rb2+ 56. Kc5 Kf7 57. a6 Ke7 58. Rd3 Ra2
59. Kb6 Rb2+ 60. Ka7 Rc2 61. Ka8 Rxc4 62. Rxd2 Rc3 63. a7 Rb3 64. Rd4 Rb6 65.
f4 gxf4 66. Rxf4 Kd7 67. Rf5 Rb4 68. Rc5 Rb6 69. g5 hxg5 70. Rxg5 Rb4 71. Rc5
Rb1 72. Rc2 1/2-1/2

[Event "Millennium CG Exclusive - Tasc R30 V2.5"]
[Site "Wien"]
[Date "2021.04.20"]
[Round "40"]
[White "Tasc R30 V2.5, aktiv"]
[Black "Millennium CG Exclusive"]
[Result "0-1"]
[WhiteElo "2335"]
[BlackElo "2402"]
[PlyCount "118"]
[EventDate "2021.??.??"]

1. c4 Nf6 2. g3 {Buchende Tasc} g6 3. Nc3 {Tasc ist mit seinen 2 Buchzügen
zufrieden, erste Bewertung +0,13} Bg7 4. Bg2 O-O 5. d4 c6 {Buchende Genius} 6.
Qb3 d6 {Genius ist mit seinen 5 Buchzügen zufrieden, erste Bewertung +0,26} 7.
Nf3 Qb6 8. e4 Na6 9. Qxb6 axb6 10. O-O Nb4 11. Bg5 h6 12. Bxf6 Bxf6 13. Rfd1
Bg4 14. Rd2 Bxf3 15. Bxf3 Bg5 16. Re2 Bf6 17. e5 dxe5 18. dxe5 Bg7 19. Bg2 Rfd8
20. f4 g5 21. a3 gxf4 22. gxf4 Nd3 23. Rf1 Nc5 24. Rc2 f6 25. exf6 Bxf6 26. Rf3
Kf8 27. f5 Nd3 28. Rh3 Bxc3 29. Rxc3 Nf4 30. Rhe3 Rd1+ 31. Bf1 Ra5 32. f6 exf6
33. Re4 Ng6 34. Rf3 Kf7 35. Rf2 Re5 36. Rg4 Rg5 37. Rxg5 hxg5 38. Kg2 Ke6 39.
Be2 Nh4+ 40. Kh3 Rd4 41. a4 {Tasc -1,92} f5 {Genius +2,43, lt. Analyse von
Rybka 2.3. ist Schwarz hier bereits mit +5,10 im Vorteil bei einer Rechentiefe
von 24 HZ} 42. Bf1 {Tasc -2,22} Kf6 {Genius +2,75} 43. Rc2 f4 44. Rf2 {Tasc -2,
84} Nf5 {Genius +2,59} 45. Kg2 Ne3+ {Genius +3,03} 46. Kg1 {Tasc -3,06} Rd1 {
Genius +3,46} 47. h4 {Tasc -4,45} c5 {Genius +4,65} 48. b3 Kf5 49. hxg5 Kxg5
50. Rf3 {Tasc -7,59, Rybka 2.3. zeigt hier bereits nach 0:44 Berechnungszeit
ein Matt in 12 !! an !} Kg4 {Genius +12,84} 51. Rxf4+ {Tasc -15,02} Kxf4 {
Genius +13,32} 52. Kf2 {Tasc: Selbstmatt in 9 !!} Rxf1+ {[%emt 0:00:09] Genius:
Mattankündigung in} 53. Ke2 Rd1 54. b4 cxb4 55. a5 b3 56. a6 bxa6 57. c5 b2
58. cxb6 b1=Q 59. b7 Qc2# 0-1

[Event "Millennium CG Exclusive - Tasc R30 V2.5"]
[Site "Wien"]
[Date "2021.04.20"]
[Round "41"]
[White "Millennium CG Exclusive"]
[Black "Tasc R30 V2.5, aktiv"]
[Result "1-0"]
[WhiteElo "2402"]
[BlackElo "2335"]
[PlyCount "123"]
[EventDate "2021.??.??"]

1. d4 d5 2. Nf3 c6 {Buchende Tasc} 3. Bf4 e6 {Das ist ein wirklich sehr
interessanter Zug im Hinblick darauf, dass der Tasc R30 mit genau der gleichen
Eröffnung, also identischer Ausgangslage hier in Runde 15 dieses Wettkampfes
das unmögliche Bauernopfer 3. e5 !! gespielt hatte, es sieht fast so aus als
hätte er aus dem Fehler gelernt, mir ist übrigens schon mehrfach aufgefallen,
dass der Tasc offensichtlich so eine Art Zufallsgenerator eingebaut hat, weil
er schon mehrmals bei Eröffnungen mit gleicher Stellung und Buchende dann
andere Züge gespielt hat, ist schon sehr auffällig interessant. Erste
Bewertung Tasc nach Buchende -0,37} 4. e3 {Buchende Genius} Nf6 5. Be2 {
Genius ist mit seinem Buch zufrieden, erste Bewertung +0,42} Bd6 6. Bxd6 Qxd6
7. c4 O-O 8. Nc3 Nbd7 9. O-O e5 {Tasc -0,41} 10. dxe5 {Genius +0,62} Nxe5 11.
Qd4 Nxf3+ 12. Bxf3 Rd8 {Tasc -0,40} 13. cxd5 {den lezten Zug des Tasc findet
der Genius ganz schlecht, steigt hier auf +1,03} cxd5 {Tasc -0,95} 14. Nb5 Qe7
15. Rac1 Bf5 16. Rfd1 Rd7 {Tasc -0,80, Stockfish bewertet diese Stellung
bereits mit +2,57 für Weiss} 17. Nxa7 {Genius +1,12} Rdd8 18. a3 Be4 19. Be2
Bg6 {Tasc -1,04} 20. Nb5 {Genius +1,35 (Stockfish +3,50)} Rac8 {Tasc -1,11} 21.
Qb6 {Genius +1,39} Kf8 22. Rc3 Rxc3 23. Nxc3 Bc2 {Tasc -1,40} 24. Rd4 {Genius
+1,75} Bf5 {Tasc -1,58} 25. Bf3 Be6 26. Qb4 Qxb4 27. Rxb4 Rd7 28. h4 h5 29. Rb5
Ke7 30. Kh2 Kd6 31. Kg3 Kc6 32. a4 Bg4 33. a5 {Genius +1,79 (Stockfish +5,00)}
Bxf3 {Tasc -1,48} 34. Rb6+ Kc7 35. Nb5+ Kc8 36. gxf3 {Genius +1,82} Ne8 37. Kf4
Re7 {Tasc -1,58, lt. Analyse von Stockfish 13 ist das ein ganz schlechter Zug,
die Bewertung spring gleich von +5,00 auf +7,00, aber bei dieser
Grössenordnung ist das wahrscheinlich schon egal.} 38. Kf5 {Genius +1,75 (lt.
Stockfish war hier Sd6+ um ganze 2 Bauerneinheiten besser.)} Kd8 39. Kg5 Re5+
40. Kf4 Re7 41. Kf5 Kc8 42. b4 Nf6 {Tasc -1,69} 43. Rd6 {Genius +2,06} Rd7 {
Tasc -2,66} 44. Ke5 {Genius +1,90, weit besser war hier 44.Txd7 !!} Kd8 45.
Rxd7+ Nxd7+ 46. Kxd5 Ke7 {Tasc -2,96} 47. Nd4 {Genius +2,23} Nf6+ {Tasc -3,09}
48. Kc5 Nd7+ 49. Kb5 g6 50. f4 {Genius +2,60 (Stockfish +9,00)} Kd6 51. f5 gxf5
52. Nxf5+ Kc7 53. a6 bxa6+ 54. Kxa6 Nb8+ 55. Kb5 Nd7 56. Nh6 Nf6 57. f3 {
Genius +3,62, in dieser Phase der Partie ist der Genius im Hinblick auf die
Rechentiefe dem Tasc haushoch überlegen, der Tasc kommt im Schnitt auf eine
Rechnetiefe von 11 HZ, der Genius 16 HZ} Nd5 {Tasc -3,34} 58. e4 {Genius +4,35}
Nf4 59. Nxf7 {Genius +4,60} Ng6 {Tasc -5,16} 60. Ka6 Nf8 61. b5 {Genius +5,92}
Kb8 62. Ne5 {Userentscheid: 1-0 (Endbewertungen: Tasc -6,34 / Genius +6,39 /
Stockfish macht hier eine unglaubliche Ansage, nämlich Matt in 21 !!!} 1-0